[Event "33. Copenhagen Open (Politiken Cup)"]
[Site "Elsinore"]
[Date "2011.08.06"]
[Round "9"]
[White "Bremer, Erik"]
[Black "Thybo, Jan"]
[Result "0-1"]
[WhiteElo "1578"]
[BlackElo "1042"]
[PlyCount "98"]
[EventDate "2011.07.30"]
[EventType "swiss"]
[EventRounds "10"]
[EventCountry "DEN"]
[Source "ChessBase"]
[SourceDate "2011.08.29"]

1. f4 Nf6 2. Nf3 g6 3. b3 Bg7 4. Bb2 O-O 5. g3 d6 6. Bg2 Nc6 7. e3 e6 8. O-O
Ne7 9. c4 a6 10. Qc1 Ne4 11. Bxg7 Kxg7 12. d3 Nf6 13. e4 Nc6 14. Nc3 e5 15. Ne2
Bg4 16. h3 Bd7 17. Qb2 Re8 18. fxe5 dxe5 19. d4 Nxe4 20. Nxe5 Nxe5 21. dxe5 Bc6
22. e6+ Nf6 23. Qxf6+ Qxf6 24. Rxf6 Kxf6 25. Rf1+ Kxe6 26. Nd4+ Kd7 27. Rxf7+
Re7 28. Rxe7+ Kxe7 29. Nxc6+ bxc6 30. Bxc6 Rd8 31. Bd5 h5 32. Kf1 Rf8+ 33. Ke2
g5 34. Bf3 h4 35. g4 Kd6 36. Ke3 Kc5 37. a3 a5 38. Bg2 Rb8 39. b4+ axb4 40.
axb4+ Kxc4 41. Ke4 Rxb4 42. Kf5 Kd4 43. Kxg5 c5 44. Kxh4 c4 45. Bf1 c3 46. g5
c2 47. g6 c1=Q 48. g7 Ke3+ 49. Kg3 Qc7+ 0-1

[Event "33. Copenhagen Open (Politiken Cup)"]
[Site "Elsinore"]
[Date "2011.08.06"]
[Round "9"]
[White "Brobakken, Geir"]
[Black "Erikstad, Olav Age"]
[Result "1-0"]
[WhiteElo "1966"]
[BlackElo "1844"]
[PlyCount "107"]
[EventDate "2011.07.30"]
[EventType "swiss"]
[EventRounds "10"]
[EventCountry "DEN"]
[Source "ChessBase"]
[SourceDate "2011.08.29"]

1. e4 c6 2. d4 d5 3. Nc3 dxe4 4. Nxe4 Nf6 5. Nxf6+ exf6 6. Nf3 Bf5 7. c3 Bd6 8.
Bd3 Bg6 9. Bxg6 hxg6 10. Qe2+ Be7 11. Be3 O-O 12. O-O-O Re8 13. h4 Qa5 14. Kb1
Nd7 15. Qc2 Qh5 16. Rdg1 f5 17. Ne1 Nf6 18. Nd3 Nd5 19. Bc1 Bd6 20. f3 f4 21.
Qf2 Qf5 22. Qd2 Re3 23. Rd1 Rae8 24. Qc2 Re2 25. Rhe1 Rxe1 26. Rxe1 Rxe1 27.
Nxe1 Qxc2+ 28. Kxc2 Be7 29. Kd3 Bxh4 30. Nc2 g5 31. c4 Nf6 32. a4 Bg3 33. b4 g4
34. b5 gxf3 35. gxf3 g5 36. bxc6 g4 37. cxb7 Nd7 38. Ke2 gxf3+ 39. Kxf3 Kf8 40.
Bxf4 Bxf4 41. Kxf4 Ke8 42. a5 Kd8 43. a6 Kc7 44. Nb4 Kb6 45. c5+ Kc7 46. Nd3
Nb8 47. Nb4 Nd7 48. Kf5 Kb8 49. Nc6+ Kc7 50. Nxa7 Kb8 51. Nc6+ Kc7 52. b8=Q+
Nxb8 53. Nxb8 Kxb8 54. Kf6 1-0

[Event "33. Copenhagen Open (Politiken Cup)"]
[Site "Elsinore"]
[Date "2011.08.06"]
[Round "9"]
[White "Brobakken, Jorgen"]
[Black "Thingstad, Tormod"]
[Result "1/2-1/2"]
[WhiteElo "1000"]
[BlackElo "1144"]
[PlyCount "93"]
[EventDate "2011.07.30"]
[EventType "swiss"]
[EventRounds "10"]
[EventCountry "DEN"]
[Source "ChessBase"]
[SourceDate "2011.08.29"]

1. Nf3 Nf6 2. g3 d5 3. d3 Nc6 4. Nbd2 Bg4 5. Bg2 e6 6. c3 Bd6 7. Qc2 Ne7 8. Nb3
c5 9. c4 Rb8 10. Be3 d4 11. Bg5 Nc6 12. e4 h6 13. Bxf6 Qxf6 14. O-O Bxf3 15.
Bxf3 Qxf3 16. Nd2 Nb4 17. Qa4+ Nc6 18. Nxf3 O-O 19. Rfe1 Nb4 20. Qb3 b5 21. e5
bxc4 22. Qxc4 Be7 23. a3 Nd5 24. Rab1 Nb6 25. Qc1 Na4 26. b3 Nc3 27. Rb2 Rfd8
28. Nd2 c4 29. Nxc4 Rdc8 30. Qf4 Bg5 31. Qxd4 Nd5 32. f4 Be7 33. Qxa7 Bc5+ 34.
Qxc5 Rxc5 35. d4 Rcb5 36. Nd2 Rc8 37. a4 Rb7 38. Ne4 Nb4 39. Ree2 Rc1+ 40. Kg2
Rbc7 41. Nc5 Rd1 42. Red2 Rc1 43. Re2 Rc8 44. Red2 Nd5 45. Kf2 Rd8 46. Rbc2 Rh1
47. h4 1/2-1/2

[Event "33. Copenhagen Open (Politiken Cup)"]
[Site "Elsinore"]
[Date "2011.08.06"]
[Round "9"]
[White "Brobakken, Sindre"]
[Black "Clausen, Hans Jorgen"]
[Result "0-1"]
[WhiteElo "1317"]
[BlackElo "1675"]
[PlyCount "62"]
[EventDate "2011.07.30"]
[EventType "swiss"]
[EventRounds "10"]
[EventCountry "DEN"]
[Source "ChessBase"]
[SourceDate "2011.08.29"]

1. Nf3 d5 2. g3 Nf6 3. Bg2 c5 4. d3 Nc6 5. Nbd2 e6 6. O-O Be7 7. e4 dxe4 8.
dxe4 O-O 9. c3 Qc7 10. Qc2 e5 11. Nb3 Be6 12. Ne1 Rad8 13. c4 Nd4 14. Nxd4 cxd4
15. f4 exf4 16. Bxf4 Qxc4 17. e5 Ng4 18. Bxb7 Bc5 19. Qd3 Qb4 20. Be4 Bc4 21.
Qf3 Bxf1 22. Qxg4 Be2 23. Qh4 g6 24. Bh6 d3+ 25. Kh1 Be7 26. Bxf8 Bxf8 27. Qxd8
Qxe4+ 28. Kg1 Qe3+ 29. Kh1 d2 30. Ng2 Bf3 31. e6 Qe1+ 0-1

[Event "33. Copenhagen Open (Politiken Cup)"]
[Site "Elsinore"]
[Date "2011.08.06"]
[Round "9"]
[White "Brondum, Eric"]
[Black "Korley, Kassa"]
[Result "0-1"]
[WhiteElo "2112"]
[BlackElo "2326"]
[PlyCount "80"]
[EventDate "2011.07.30"]
[EventType "swiss"]
[EventRounds "10"]
[EventCountry "DEN"]
[Source "ChessBase"]
[SourceDate "2011.08.29"]

1. Nf3 Nf6 2. g3 g6 3. Bg2 Bg7 4. O-O O-O 5. d3 d5 6. Nbd2 c6 7. e4 dxe4 8.
Nxe4 Nbd7 9. Qe2 Nxe4 10. dxe4 Nc5 11. Rd1 Qc7 12. c3 b6 13. Qc2 e5 14. Be3 Nb7
15. h3 Nd6 16. a4 c5 17. Qd3 Rd8 18. Qc2 Bb7 19. Nd2 a5 20. Qb3 Ba6 21. Bf1
Bxf1 22. Rxf1 Qc6 23. f3 Rd7 24. Nc4 Nxc4 25. Qxc4 Rad8 26. Qe2 c4 27. Rfd1 Bf8
28. Rxd7 Qxd7 29. g4 b5 30. axb5 Qxb5 31. Re1 Rd3 32. Kh1 a4 33. Qc2 Qb3 34.
Qxb3 cxb3 35. Kg2 a3 36. bxa3 Rxc3 37. a4 b2 38. Kf2 Rc2+ 39. Kf1 Bb4 40. Rd1
f6 0-1

[Event "33. Copenhagen Open (Politiken Cup)"]
[Site "Elsinore"]
[Date "2011.08.06"]
[Round "9"]
[White "Brorsen, Jacob Abildlund"]
[Black "Rehn, Ralf"]
[Result "1-0"]
[WhiteElo "2061"]
[BlackElo "2237"]
[PlyCount "231"]
[EventDate "2011.07.30"]
[EventType "swiss"]
[EventRounds "10"]
[EventCountry "DEN"]
[Source "ChessBase"]
[SourceDate "2011.08.29"]

1. d4 d5 2. c4 e6 3. Nf3 f5 4. g3 Nf6 5. Bg2 Bd6 6. O-O c6 7. b3 O-O 8. Ba3
Bxa3 9. Nxa3 Ne4 10. Nc2 Qa5 11. Nce1 b5 12. c5 b4 13. Ne5 Qb5 14. N1d3 Nd7 15.
Nxd7 Bxd7 16. f3 Nf6 17. Ne5 a5 18. Qd2 Ra7 19. Rfe1 Rfa8 20. Rab1 Be8 21. Rb2
Nd7 22. Nd3 Bf7 23. Rc1 Re8 24. Qf4 Qb8 25. Qxb8 Rxb8 26. Re1 Be8 27. e3 Bh5
28. Nf4 Bf7 29. Nd3 Kf8 30. Ra1 g5 31. a3 bxa3 32. Rxa3 e5 33. dxe5 Rab7 34. f4
gxf4 35. gxf4 Rb5 36. Bf1 Nxc5 37. Nc1 R5b6 38. Rxa5 Nxb3 39. Nxb3 Rxb3 40. Rc2
Be8 41. Ra7 R8b7 42. Rxb7 Rxb7 43. Kf2 Rb6 44. Bd3 Bd7 45. Ke2 Ke7 46. Rc5 Ke6
47. Kd2 Rb8 48. Kc3 Ra8 49. Kb4 Ra1 50. Rc2 Rd1 51. Be2 Rb1+ 52. Kc5 Rb3 53.
Kd4 Be8 54. Ba6 Bd7 55. Be2 Ke7 56. Bd1 Rb1 57. Be2 Rb3 58. Bd1 Ra3 59. Rg2 Kf8
60. h4 c5+ 61. Kxc5 Rxe3 62. Kd6 Be8 63. Bc2 Rf3 64. Bxf5 Rxf4 65. Bxh7 Bf7 66.
Bg6 Bg8 67. h5 Ra4 68. Rb2 Ra6+ 69. Kc5 Kg7 70. Bf5 Kh6 71. Bg4 Ra5+ 72. Kd6
Ra6+ 73. Ke7 Ra7+ 74. Kf8 Ra8+ 75. Ke7 Ra7+ 76. Kf8 Ra8+ 77. Ke7 Ra7+ 78. Bd7
Bh7 79. e6 Bf5 80. Kf6 Bh3 81. Rh2 Bg4 82. Rh4 Bxe6 83. Bxe6 Ra1 84. Bxd5 Rf1+
85. Ke7 Re1+ 86. Be6 Re5 87. Kf6 Rxh5 88. Rg4 Rh2 89. Rg8 Kh7 90. Rg1 Rh6+ 91.
Kf7 Rh5 92. Rg7+ Kh8 93. Rg1 Rh7+ 94. Kf8 Rh5 95. Bf7 Rh4 96. Ke7 Kh7 97. Be6
Rf4 98. Kd6 Rf8 99. Ke5 Kh6 100. Bf5 Re8+ 101. Kf4 Re2 102. Rg6+ Kh5 103. Rg5+
Kh6 104. Rg3 Re1 105. Be4 Rf1+ 106. Ke5 Rf8 107. Rg6+ Kh5 108. Bf5 Re8+ 109.
Kf4 Re1 110. Rg8 Rf1+ 111. Ke5 Kh4 112. Kf6 Rf3 113. Rg2 Re3 114. Rg4+ Kh5 115.
Rf4 Rg3 116. Rf1 1-0

[Event "33. Copenhagen Open (Politiken Cup)"]
[Site "Elsinore"]
[Date "2011.08.06"]
[Round "9"]
[White "Carnstam, Tomas"]
[Black "Hjornevik, Asbjorn"]
[Result "1-0"]
[WhiteElo "2062"]
[BlackElo "1835"]
[PlyCount "99"]
[EventDate "2011.07.30"]
[EventType "swiss"]
[EventRounds "10"]
[EventCountry "DEN"]
[Source "ChessBase"]
[SourceDate "2011.08.29"]

1. c4 e5 2. Nc3 Nf6 3. a3 c6 4. d4 exd4 5. Qxd4 d5 6. Bg5 Be7 7. cxd5 cxd5 8.
e3 Nc6 9. Qa4 a6 10. Nf3 O-O 11. Rd1 Be6 12. Qb3 Na5 13. Qc2 Rc8 14. Nd4 Qb6
15. Bd3 h6 16. Bxf6 Bxf6 17. O-O Nc4 18. Bxc4 dxc4 19. Nxe6 Qxe6 20. Rd2 Rfd8
21. Rfd1 Rxd2 22. Rxd2 Bxc3 23. Qxc3 b5 24. Kf1 Kf8 25. Qb4+ Ke8 26. Rd6 Qe4
27. Qd2 Qe7 28. Rxa6 Rd8 29. Qc2 Qb7 30. Ra5 Rd3 31. a4 Qc7 32. Rxb5 Qxh2 33.
Ke2 Qxg2 34. Qxc4 Rd8 35. Re5+ Kf8 36. Qb4+ Kg8 37. Qe4 Qxe4 38. Rxe4 Rb8 39.
b4 f5 40. Rd4 Kf7 41. a5 g5 42. Kd3 h5 43. Kc4 h4 44. Rd7+ Kg6 45. a6 h3 46.
Rd1 h2 47. b5 Rc8+ 48. Kb4 Rd8 49. Rh1 Rh8 50. a7 1-0

[Event "33. Copenhagen Open (Politiken Cup)"]
[Site "Elsinore"]
[Date "2011.08.06"]
[Round "9"]
[White "Celander, Adam"]
[Black "Pedersen, Carl Aage"]
[Result "1/2-1/2"]
[WhiteElo "2006"]
[BlackElo "1752"]
[PlyCount "57"]
[EventDate "2011.07.30"]
[EventType "swiss"]
[EventRounds "10"]
[EventCountry "DEN"]
[Source "ChessBase"]
[SourceDate "2011.08.29"]

1. e4 c5 2. Nf3 d6 3. d4 cxd4 4. Nxd4 Nf6 5. Nc3 g6 6. Be3 Bg7 7. f3 O-O 8. Bc4
a6 9. Qd2 Nc6 10. O-O-O Bd7 11. Kb1 Rc8 12. Bb3 Ne5 13. g4 Nc4 14. Bxc4 Rxc4
15. g5 Nh5 16. Nde2 Re8 17. Nd5 Be6 18. Ng3 Bxd5 19. Qxd5 Qc8 20. Qd2 Qe6 21.
Nxh5 gxh5 22. c3 Rec8 23. Rc1 b5 24. Bd4 Bxd4 25. cxd4 Rxc1+ 26. Rxc1 Rxc1+ 27.
Qxc1 Qh3 28. Qh1 Kg7 29. Kc2 1/2-1/2

[Event "33. Copenhagen Open (Politiken Cup)"]
[Site "Elsinore"]
[Date "2011.08.06"]
[Round "9"]
[White "Christensen, Bo Garner"]
[Black "Jonsson, Lennart"]
[Result "1-0"]
[WhiteElo "2289"]
[BlackElo "2086"]
[PlyCount "53"]
[EventDate "2011.07.30"]
[EventType "swiss"]
[EventRounds "10"]
[EventCountry "DEN"]
[Source "ChessBase"]
[SourceDate "2011.08.29"]

1. e4 g6 2. d4 Bg7 3. Nc3 Nh6 4. Nf3 O-O 5. Bc4 e6 6. h4 c6 7. h5 d5 8. hxg6
fxg6 9. Bxh6 dxc4 10. Qd2 Rf7 11. O-O-O b5 12. Ng5 Rb7 13. e5 b4 14. Nce4 Bh8
15. Qf4 b3 16. cxb3 cxb3 17. a3 a5 18. Rd3 Raa7 19. Rf3 Bg7 20. Nxh7 Rf7 21.
Nhf6+ Bxf6 22. Nxf6+ Rxf6 23. exf6 Kf7 24. Bg5 Qd5 25. Rh7+ Kg8 26. f7+ Kxh7
27. Qh4+ 1-0

[Event "33. Copenhagen Open (Politiken Cup)"]
[Site "Elsinore"]
[Date "2011.08.06"]
[Round "9"]
[White "Christensen, Janus"]
[Black "Rasmussen, Morten Fredsgaard"]
[Result "1-0"]
[WhiteElo "2127"]
[BlackElo "1931"]
[PlyCount "45"]
[EventDate "2011.07.30"]
[EventType "swiss"]
[EventRounds "10"]
[EventCountry "DEN"]
[Source "ChessBase"]
[SourceDate "2011.08.29"]

1. e4 c6 2. d4 d5 3. f3 Nf6 4. e5 Ng8 5. Bd3 e6 6. f4 c5 7. c3 Nc6 8. Be3 Qb6
9. Qd2 Nh6 10. Nf3 Nf5 11. Bf2 h5 12. O-O Bd7 13. h3 Be7 14. b4 c4 15. Bxf5
exf5 16. a4 a5 17. b5 Nb8 18. Na3 Be6 19. Nxc4 dxc4 20. d5 Bc5 21. dxe6 fxe6
22. Rad1 O-O 23. Ng5 1-0

[Event "33. Copenhagen Open (Politiken Cup)"]
[Site "Elsinore"]
[Date "2011.08.06"]
[Round "9"]
[White "Christiansen, Jens Jorgen"]
[Black "Larsen, Karsten"]
[Result "0-1"]
[WhiteElo "2115"]
[BlackElo "2323"]
[PlyCount "86"]
[EventDate "2011.07.30"]
[EventType "swiss"]
[EventRounds "10"]
[EventCountry "DEN"]
[Source "ChessBase"]
[SourceDate "2011.08.29"]

1. d4 d5 2. c4 e6 3. Nc3 Nf6 4. Nf3 Bb4 5. cxd5 exd5 6. Bg5 c5 7. e3 Nbd7 8.
Be2 Qa5 9. O-O Bxc3 10. Bxf6 Nxf6 11. bxc3 c4 12. Qc2 O-O 13. Ne5 Be6 14. f4
Rad8 15. Bf3 Ne8 16. e4 f6 17. exd5 Bxd5 18. Bxd5+ Qxd5 19. Nf3 Nd6 20. Rfe1
Rfe8 21. Rab1 a6 22. a4 g6 23. h3 Kf7 24. Kh2 Rxe1 25. Rxe1 Re8 26. Rxe8 Kxe8
27. Qb1 Qe4 28. Qc1 Kd7 29. Kg3 Qe2 30. Kh2 Kc7 31. a5 Qe4 32. Kg3 Qd3 33. Kh2
Kd7 34. Kg1 Nb5 35. Qe1 Nxc3 36. Qh4 Qe3+ 37. Kh1 Qe7 38. Qg4+ Kc7 39. f5 g5
40. d5 Ne4 41. d6+ Kxd6 42. Kh2 Kc5 43. g3 Qe8 0-1

[Event "33. Copenhagen Open (Politiken Cup)"]
[Site "Elsinore"]
[Date "2011.08.06"]
[Round "9"]
[White "Christiansen, Niels Jorgen"]
[Black "Jensen, Torben Brieghel"]
[Result "1-0"]
[WhiteElo "1768"]
[BlackElo "1098"]
[PlyCount "49"]
[EventDate "2011.07.30"]
[EventType "swiss"]
[EventRounds "10"]
[EventCountry "DEN"]
[Source "ChessBase"]
[SourceDate "2011.08.29"]

1. d4 Nf6 2. c4 g6 3. Nc3 Bg7 4. e4 d6 5. Be3 O-O 6. Be2 Nbd7 7. Nf3 e5 8. Qd2
b6 9. d5 Ba6 10. O-O Nc5 11. Qc2 Ne8 12. b4 Nd7 13. a3 f5 14. Ng5 Qc8 15. Ne6
Rf7 16. exf5 gxf5 17. Bh5 Re7 18. Qxf5 Nef6 19. Bg5 c6 20. Ne4 Nxh5 21. Bxe7
cxd5 22. Nxd6 Qc6 23. Qxh5 dxc4 24. Qf7+ Kh8 25. Qxg7# 1-0

[Event "33. Copenhagen Open (Politiken Cup)"]
[Site "Elsinore"]
[Date "2011.08.06"]
[Round "9"]
[White "Cmilyte, Viktorija"]
[Black "Schmidt, Kristen"]
[Result "1/2-1/2"]
[WhiteElo "2528"]
[BlackElo "2289"]
[PlyCount "87"]
[EventDate "2011.07.30"]
[EventType "swiss"]
[EventRounds "10"]
[EventCountry "DEN"]
[Source "ChessBase"]
[SourceDate "2011.08.29"]

1. d4 Nf6 2. c4 g6 3. g3 Bg7 4. Bg2 O-O 5. Nc3 d6 6. Nf3 Nc6 7. O-O a6 8. h3
Rb8 9. e4 b5 10. cxb5 axb5 11. Re1 b4 12. Nd5 Nxd5 13. exd5 Na5 14. Bg5 Re8 15.
Rc1 Rb5 16. Nh2 b3 17. a3 Bb7 18. Qd2 Qa8 19. Rxe7 Rxe7 20. Bxe7 Bxd5 21. Bf1
c6 22. Ng4 Rb8 23. Bxd6 Re8 24. Be5 f5 25. Bxg7 fxg4 26. Be5 gxh3 27. Bc7 Qc8
28. Bxa5 Qf5 29. Rc5 Qb1 30. Qc1 Qf5 31. Qf4 Qb1 32. Qc1 Qf5 33. Rxd5 cxd5 34.
Qh6 Rf8 35. Be1 Qb1 36. Bb4 Rf5 37. g4 Rf3 38. Qh4 Qxb2 39. Qd8+ Kg7 40. Qe7+
Rf7 41. Qe5+ Kg8 42. Qe8+ Kg7 43. Qe5+ Kg8 44. Qe8+ 1/2-1/2

[Event "33. Copenhagen Open (Politiken Cup)"]
[Site "Elsinore"]
[Date "2011.08.06"]
[Round "9"]
[White "Danielsen, Henrik"]
[Black "Romanishin, Oleg M"]
[Result "1-0"]
[WhiteElo "2535"]
[BlackElo "2526"]
[PlyCount "96"]
[EventDate "2011.07.30"]
[EventType "swiss"]
[EventRounds "10"]
[EventCountry "DEN"]
[Source "ChessBase"]
[SourceDate "2011.08.29"]

1. c4 e5 2. g3 Nf6 3. Bg2 d5 4. cxd5 Nxd5 5. Nf3 Nc6 6. O-O Nb6 7. b3 Be7 8.
Bb2 Bf6 9. Nc3 e4 10. Ne1 Bf5 11. d3 exd3 12. e4 Bg6 13. Nxd3 O-O 14. Nf4 Re8
15. Nxg6 hxg6 16. f4 Bd4+ 17. Kh1 Qe7 18. e5 Rad8 19. Qe2 f6 20. Be4 f5 21. Bg2
Bxc3 22. Bxc3 Nd5 23. Bb2 Qe6 24. Rad1 Nce7 25. Rd2 c6 26. Rfd1 Rd7 27. Qf2 a6
28. Bf1 Red8 29. Bc4 b5 30. Bf1 Nc7 31. Bg2 Rxd2 32. Rxd2 Rxd2 33. Qxd2 Ned5
34. Ba3 b4 35. Bxb4 Nxb4 36. Qxb4 Nd5 37. Qb7 a5 38. Qa8+ Kh7 39. Qxa5 g5 40.
Qd2 gxf4 41. Bxd5 cxd5 42. Qxf4 Qc8 43. Qe3 Qa6 44. Kg1 Qxa2 45. e6 Qa1+ 46.
Kf2 Qa2+ 47. Qe2 Qa7+ 48. Kg2 Qe7 1-0

[Event "33. Copenhagen Open (Politiken Cup)"]
[Site "Elsinore"]
[Date "2011.08.06"]
[Round "9"]
[White "Diaz, Linda Victoria"]
[Black "Schmidt, Horst Hubert"]
[Result "1-0"]
[WhiteElo "1988"]
[BlackElo "1816"]
[PlyCount "87"]
[EventDate "2011.07.30"]
[EventType "swiss"]
[EventRounds "10"]
[EventCountry "DEN"]
[Source "ChessBase"]
[SourceDate "2011.08.29"]

1. e4 d6 2. d4 g6 3. Nf3 Bg7 4. Nc3 Nf6 5. h3 Nc6 6. d5 Ne5 7. Nxe5 dxe5 8. Be3
a6 9. Qd2 O-O 10. Bh6 b5 11. a3 Qd6 12. g4 b4 13. axb4 Qxb4 14. Bxg7 Kxg7 15.
Bd3 Bd7 16. O-O Qd4 17. Ne2 Qb6 18. Qc3 Qd6 19. f4 Qb6+ 20. Kh2 Bxg4 21. hxg4
Nxg4+ 22. Kg3 h5 23. Rf3 f6 24. Qa3 Rf7 25. c4 g5 26. f5 c5 27. Nc3 Rb8 28. Na4
Qa5 29. Qc3 Rb4 30. b3 Nh6 31. Bc2 Kf8 32. Qe3 Rb8 33. Rd1 Rc8 34. Rff1 Rh7 35.
Rh1 h4+ 36. Kf3 g4+ 37. Ke2 Nf7 38. Rdg1 g3 39. Rxg3 Ng5 40. Rxg5 fxg5 41. Qxg5
Rg7 42. Qh6 Qc7 43. Rg1 e6 44. f6 1-0

[Event "33. Copenhagen Open (Politiken Cup)"]
[Site "Elsinore"]
[Date "2011.08.06"]
[Round "9"]
[White "Dyrhaug, Erling Skjolas"]
[Black "Skovle, Lars"]
[Result "1-0"]
[WhiteElo "1000"]
[BlackElo "1656"]
[PlyCount "63"]
[EventDate "2011.07.30"]
[EventType "swiss"]
[EventRounds "10"]
[EventCountry "DEN"]
[Source "ChessBase"]
[SourceDate "2011.08.29"]

1. e4 Nf6 2. e5 Nd5 3. d4 d6 4. Nf3 Bg4 5. c4 Nb6 6. exd6 cxd6 7. Nc3 g6 8. h3
Bxf3 9. Qxf3 Bg7 10. Qxb7 N8d7 11. Qe4 O-O 12. Be3 Rc8 13. b3 Nf6 14. Qc2 e5
15. dxe5 dxe5 16. Be2 Qc7 17. O-O Nfd7 18. Nb5 Qb8 19. Rad1 f5 20. c5 f4 21. c6
fxe3 22. c7 Rxc7 23. Qxc7 Qxc7 24. Nxc7 exf2+ 25. Rxf2 Nf6 26. Ne6 Re8 27. Rd8
Rxd8 28. Nxd8 Nbd5 29. Bc4 h6 30. Nc6 e4 31. Ne7+ Kh7 32. Nxd5 1-0

[Event "33. Copenhagen Open (Politiken Cup)"]
[Site "Elsinore"]
[Date "2011.08.06"]
[Round "9"]
[White "Edwardsson, Hannu Kalervo"]
[Black "Jorgensen, Morten"]
[Result "0-1"]
[WhiteElo "1482"]
[BlackElo "1727"]
[PlyCount "94"]
[EventDate "2011.07.30"]
[EventType "swiss"]
[EventRounds "10"]
[EventCountry "DEN"]
[Source "ChessBase"]
[SourceDate "2011.08.29"]

1. e4 c6 2. Nf3 d6 3. Be2 Nd7 4. Nc3 Ngf6 5. O-O e5 6. d3 Be7 7. Bg5 h6 8. Be3
Ng4 9. h3 Nxe3 10. fxe3 O-O 11. d4 exd4 12. exd4 Qb6 13. b3 Bf6 14. Kh1 Qc7 15.
Rb1 a6 16. Na4 b5 17. Nb2 Re8 18. Nd2 Bxd4 19. Bh5 Nf6 20. Bf3 Bc3 21. Re1 Bb7
22. Re3 Be5 23. c4 Rad8 24. Nd3 Bd4 25. Re2 c5 26. Qe1 Bc3 27. Rc1 Bxd2 28.
Qxd2 Bxe4 29. Bxe4 Rxe4 30. Rce1 Rxe2 31. Rxe2 Re8 32. Rxe8+ Nxe8 33. Qe3 Nf6
34. Nf4 bxc4 35. bxc4 Qb7 36. Kh2 Qe4 37. Qf2 Qxc4 38. Qf3 Qe4 39. Qf1 d5 40.
Nd3 Qc4 41. Qb1 Qb5 42. Qd1 c4 43. Nf2 Qb2 44. Ng4 Nxg4+ 45. hxg4 Qe5+ 46. Kh1
c3 47. Qc2 Qe1+ 0-1

[Event "33. Copenhagen Open (Politiken Cup)"]
[Site "Elsinore"]
[Date "2011.08.06"]
[Round "9"]
[White "Elzubeir, Omar"]
[Black "Brastein, Ragnar"]
[Result "1-0"]
[WhiteElo "1497"]
[BlackElo "1000"]
[PlyCount "59"]
[EventDate "2011.07.30"]
[EventType "swiss"]
[EventRounds "10"]
[EventCountry "DEN"]
[Source "ChessBase"]
[SourceDate "2011.08.29"]

1. d4 d5 2. c4 e6 3. Nf3 Nf6 4. Nc3 c5 5. dxc5 Bxc5 6. Bg5 Bb4 7. Qb3 Bxc3+ 8.
Qxc3 dxc4 9. Rd1 Nbd7 10. Ne5 Qc7 11. Bxf6 Nxf6 12. Ng4 Qf4 13. Rd4 Qf5 14.
Nxf6+ Qxf6 15. Rxc4 Qxc3+ 16. Rxc3 b6 17. e3 Bb7 18. Bb5+ Kf8 19. O-O g6 20.
Rc7 Bd5 21. Rfc1 Kg7 22. b3 Rhd8 23. f3 e5 24. Bd7 Kf6 25. e4 Be6 26. Bxe6 Kxe6
27. R1c6+ Rd6 28. Rxd6+ Kxd6 29. Rxf7 Ke6 30. Rxh7 1-0

[Event "33. Copenhagen Open (Politiken Cup)"]
[Site "Elsinore"]
[Date "2011.08.06"]
[Round "9"]
[White "Finnlaugsson, Gunnar"]
[Black "Jorgensen, Michael"]
[Result "1/2-1/2"]
[WhiteElo "2072"]
[BlackElo "2271"]
[PlyCount "39"]
[EventDate "2011.07.30"]
[EventType "swiss"]
[EventRounds "10"]
[EventCountry "DEN"]
[Source "ChessBase"]
[SourceDate "2011.08.29"]

1. e4 e6 2. d4 d5 3. Nc3 Nc6 4. Nf3 Nf6 5. Bd3 dxe4 6. Nxe4 Nb4 7. Nxf6+ gxf6
8. Be2 b6 9. a3 Nc6 10. c4 Bb7 11. Be3 Qd7 12. Qc2 O-O-O 13. O-O-O Bg7 14. Kb1
f5 15. g3 Qe8 16. Rhe1 Rd7 17. d5 Ne7 18. Bd4 Qg8 19. Bd3 Ng6 20. Ne5 1/2-1/2

[Event "33. Copenhagen Open (Politiken Cup)"]
[Site "Elsinore"]
[Date "2011.08.06"]
[Round "9"]
[White "Fisher, William"]
[Black "Jorgensen, Carina Eilegaard"]
[Result "1-0"]
[WhiteElo "2178"]
[BlackElo "2030"]
[PlyCount "55"]
[EventDate "2011.07.30"]
[EventType "swiss"]
[EventRounds "10"]
[EventCountry "DEN"]
[Source "ChessBase"]
[SourceDate "2011.08.29"]

1. e4 c6 2. c4 d5 3. exd5 cxd5 4. cxd5 Qxd5 5. Nc3 Qa5 6. Nf3 Nf6 7. d4 e6 8.
Bc4 Be7 9. O-O O-O 10. Bd2 Qc7 11. Qe2 a6 12. Rac1 Nc6 13. d5 Na5 14. Bd3 Qd8
15. dxe6 Bxe6 16. Rfd1 b5 17. Ne4 Nc4 18. Nfg5 Nxd2 19. Nxf6+ Bxf6 20. Bxh7+
Kh8 21. Nxe6 fxe6 22. Rxd2 Qe8 23. Be4 Ra7 24. Rc8 Qxc8 25. Qh5+ Kg8 26. Bh7+
Kh8 27. Bg6+ Kg8 28. Qh7# 1-0

[Event "33. Copenhagen Open (Politiken Cup)"]
[Site "Elsinore"]
[Date "2011.08.06"]
[Round "9"]
[White "Fjellengen, Baard"]
[Black "Leutwyler, Martin"]
[Result "0-1"]
[WhiteElo "1905"]
[BlackElo "2163"]
[PlyCount "62"]
[EventDate "2011.07.30"]
[EventType "swiss"]
[EventRounds "10"]
[EventCountry "DEN"]
[Source "ChessBase"]
[SourceDate "2011.08.29"]

1. d4 f5 2. e4 fxe4 3. Nc3 Nf6 4. Bg5 Nc6 5. d5 Ne5 6. Qd4 Nf7 7. Bxf6 exf6 8.
Nxe4 f5 9. Ng3 g6 10. O-O-O Bh6+ 11. Kb1 O-O 12. Nf3 Bg7 13. Qd2 c5 14. Bd3 b5
15. c3 Rb8 16. Rhe1 Rb6 17. Bf1 Bb7 18. Ne2 Rd6 19. Nf4 Bh6 20. h4 Bxd5 21.
Qxd5 Rxd5 22. Nxd5 a6 23. Re7 Kh8 24. Rde1 Bg7 25. a4 bxa4 26. Bxa6 a3 27. Bb5
axb2 28. Bxd7 Qa5 29. Kc2 Qa2 30. Rb1 Qxd5 31. Be6 Qe4+ 0-1

[Event "33. Copenhagen Open (Politiken Cup)"]
[Site "Elsinore"]
[Date "2011.08.06"]
[Round "9"]
[White "Gershenov, Ben"]
[Black "Nielsen, Kai Gylling"]
[Result "1-0"]
[WhiteElo "2106"]
[BlackElo "1890"]
[PlyCount "91"]
[EventDate "2011.07.30"]
[EventType "swiss"]
[EventRounds "10"]
[EventCountry "DEN"]
[Source "ChessBase"]
[SourceDate "2011.08.29"]

1. d4 Nf6 2. c4 e6 3. Nf3 d5 4. g3 Bb4+ 5. Bd2 Bxd2+ 6. Nbxd2 O-O 7. Bg2 c6 8.
O-O Nbd7 9. Qc2 h6 10. Rfd1 Re8 11. Ne5 Nxe5 12. dxe5 Nd7 13. Nf3 Qc7 14. Qc3
dxc4 15. Rd6 Nb6 16. Rad1 Bd7 17. Qd2 Rad8 18. g4 f6 19. exf6 Nd5 20. Ne5 Qxd6
21. f7+ Kf8 22. fxe8=Q+ Rxe8 23. Nxd7+ Qxd7 24. e4 b5 25. h3 Qc7 26. exd5 cxd5
27. g5 hxg5 28. Qxg5 b4 29. Qg4 a5 30. Re1 Qd6 31. Qh5 e5 32. Qf3+ Ke7 33. Qxd5
Qxd5 34. Bxd5 Kf6 35. Bxc4 Rd8 36. Kg2 Rd4 37. b3 Rd2 38. Re2 Rd1 39. Kf3 g5
40. Ke3 Rh1 41. Rd2 Rxh3+ 42. Ke2 Rc3 43. Rd6+ Kf5 44. Ra6 Rc2+ 45. Ke3 Rc3+
46. Bd3+ 1-0

[Event "33. Copenhagen Open (Politiken Cup)"]
[Site "Elsinore"]
[Date "2011.08.06"]
[Round "9"]
[White "Gustafsson, Jan"]
[Black "Bulski, Krzysztof"]
[Result "1/2-1/2"]
[WhiteElo "2634"]
[BlackElo "2479"]
[PlyCount "77"]
[EventDate "2011.07.30"]
[EventType "swiss"]
[EventRounds "10"]
[EventCountry "DEN"]
[Source "ChessBase"]
[SourceDate "2011.08.29"]

1. d4 Nf6 2. c4 g6 3. Nc3 d5 4. Nf3 Bg7 5. Qb3 dxc4 6. Qxc4 O-O 7. e4 Nc6 8.
Be2 Bg4 9. d5 Na5 10. Qb4 Bxf3 11. Bxf3 c6 12. O-O Qb6 13. Qa4 Nd7 14. Rd1 Rfd8
15. g3 Rac8 16. Bg4 Ra8 17. Qc2 Ne5 18. Be2 Qc7 19. Bf4 cxd5 20. exd5 Rac8 21.
Rac1 Qd7 22. b3 b6 23. Qe4 f5 24. Qe3 Ng4 25. Bxg4 fxg4 26. Be5 Bxe5 27. Qxe5
Nb7 28. Ne4 Rxc1 29. Rxc1 Nd6 30. Ng5 Nf7 31. Nxf7 Kxf7 32. Rc7 Qd6 33. Qxd6
Rxd6 34. Rxa7 Rxd5 35. Rb7 b5 36. Kf1 Rd2 37. a4 bxa4 38. bxa4 Ra2 39. Rb4
1/2-1/2